1288 1074 1032 1317 1891 1906 1894 1966 1000 1644 1348 1843 1646 1315 1301 1253 1230 1896 1518 1932 1477 1990 1798 1445 1450 1574 1026 1725 1404 1765 1538 1295 1345 1030 1405 1271 1799 1252 1215 1394 1786 1464 1385 1484 1230 1495 1267 1536 1982 1476 1529 1267 1007 1925 1216 1890 1287 1814 1543 1461 1547 1541 1746 1426 1643 1113 1649 1499 1900 1881 1742 1118 1123 1701 1230 1439 1116 1592 1055 1589 1920 1871 1082 1226 1794 1098 1876 1564 1149 1666 1425 1158 1084 1404 1768 1839 1695 1256 1079 BCNSPRNW ULIB Ver.6.0+V

เปลี่ยนเป็นภาษาไทย

Change to English
 แสดงรายละเอียดบรรณานุกรม
  กลับหน้าหลัก

Brief Record : Get Marc (ISO 2709) : E-mail record : QR code < ปิดหน้าต่าง
LEADER : 00000nam 2200000uu 4500
001    13399113109
003     ULIB
008    110927s2543||||th 000 0 tha d
020    9742720428
020    9789742720421
041 1  tha/eng
050  4 PL4226^bก726ว ล.2 2543
245 00 วรรณกรรมสมัยอยุธยา 2A ฉบับแปล =^bThai literary works of the Ayutthaya periods translated version /^cบรรณาธิการโดยคุณหญิงกุลทรัพย์ เกษแม่นกิจ ; แปลโดยคณะทำงานโครงการวรรณกรรมอาเซียน
246 31 Thai literary works of the Ayutthaya periods translated version
250    พิมพ์ครั้งที่ 1
260    กรุงเทพฯ :^bอมรินทร์ พริ้นติ้งแอนด์พับลิชชิ่ง,^c2543
300    (33), 704 หน้า :^bภาพประกอบ, แผนที่ ;^c24 ซม.
440  0 วรรณกรรมอาเซียน ;^vเล่ม 2 เอ
440  0 Anthology of ASEAN literature ;^vv. 2a
546    มีคำแปลภาษาอังกฤษเทียบเคียง
650  4 วรรณกรรมไทย^yสมัยอยุธยา
650  4 วรรณคดีไทย^yสมัยอยุธยา
650  4 วรรณคดีไทย^yสมัยอยุธยา^xประวัติและวิจารย์
700 0  กุลทรัพย์ เกษแม่นกิจ,^cคุณหญิง,^eบรรณาธิการ
710 2  คณะทำงานโครงการวรรณกรรมอาเซียน
945    ^p0^l0^i019583
995    ทศพร
999 ^a ทศพร
รายการนี้ยังไม่มีแท็ก
คุณยังไม่ได้ล็อกอิน คุณสามารถมีกิจกรรมร่วมกับเว็บไซต์ได้ แต่ต้องล็อกอินก่อน ::
  ล็อกอิน

รายการสื่อสารสนเทศ

ลำดับที่ ประเภท เลขเรียก/บาร์โค้ด สถานที่ สถานะ
- ไม่พบข้อมูล -

BibComment


ยังไม่เคยถูกคอมเมนท์

คอมเมนท์ทรัพยากรรายการนี้
  คอมเมนท์: วรรณกรรมสมัยอยุธย..


 Copyright 2026. Bcnsprnw @Library